Developing emotional literacy with teenage boys : building confidence, self-esteem and self-awareness /

Bibliographic Details
Main Author: Rae, Tina
Other Authors: Pedersen, Lisa
Format: Book
Language:English
Published: London : Paul Chapman, 2007.
Series:A Lucky Duck book
Subjects:

MARC

Tag First Indicator Second Indicator Subfields
LEADER 00000pam a2200000 a 4500
001 in00002356621
005 20151108062747.0
008 061114s2007 enka b 000 0 eng
020 |a 9781412930321 (pbk.) 
020 |a 1412930324 (pbk.) 
035 |a (OCoLC)ocm76798667 
040 |a UKM  |c UKM  |d BWK  |d UtOrBLW 
049 |a TXAM 
050 0 |a LC314.G7  |b R34 2007 
082 0 |a 373.0114  |2 22 
100 1 |a Rae, Tina. 
245 1 0 |a Developing emotional literacy with teenage boys :  |b building confidence, self-esteem and self-awareness /  |c Tina Rae, Lisa Pedersen. 
264 1 |a London :  |b Paul Chapman,  |c 2007. 
300 |a vi, 142 pages :  |b illustrations ;  |c 30 cm. +  |e 1 CD-ROM (4 3/4 in.). 
336 |a text  |b txt  |2 rdacontent 
337 |a unmediated  |b n  |2 rdamedia 
338 |a volume  |b nc  |2 rdacarrier 
490 0 |a A Lucky Duck book 
504 |a Includes bibliographical references. 
650 0 |a Teenage boys  |x Education  |z Great Britain. 
650 0 |a Emotional intelligence  |x Study and teaching (Secondary)  |z Great Britain. 
650 0 |a Self-esteem  |x Study and teaching (Secondary)  |z Great Britain. 
700 1 |a Pedersen, Lisa. 
945 |a PromptCat 
946 |a stk 
947 |a A14836551913 
948 |a cataloged  |b h  |c 2008/1/14  |d c  |e dmitchel  |f 3:10:20 pm 
994 |a 92  |b TXA 
999 |a MARS 
999 f f |s aa7da540-403e-3168-a0b4-5b5295012cb5  |i 2cb33333-643c-39c1-98b4-0c480d60266b  |t 0 
952 f f |p normal  |a Texas A&M University  |b College Station  |c Sterling C. Evans Library  |d Evans: Library Stacks  |t 0  |e LC314.G7 R34 2007  |h Library of Congress classification  |i unmediated -- volume  |m A14836551913 
998 f f |a LC314.G7 R34 2007  |t 0  |l Evans: Library Stacks